000 00637nam a2200217 a 4500
001 BRCA_8238
005 20190320210204.0
008 230514s1950----sp-####f#b---#000-0#spa-#
041 _aspa
044 _asp
050 4 _aZ8158
_b.P35 1950
100 1 _aPalau y Dulcet, Antonio
_912927
245 1 0 _aBibliografía de Don Miguel de Cervantes Saavedra
_cpor Antonio Palau y Dulcet.
260 _aBarcelona
_bA. Palau
_c1950
300 _a79 p.
_c27 cm.
500 _aT51
600 1 4 _aCervantes Saavedra, Miguel de
_d1547-1616
_vBibliografía
_97606
650 1 4 _aObras cervantinas
_vCatálogos
_920545
902 _aGFM
942 _2lcc
_cB
999 _c7906
_d7906